Statistics for Most Streamed Metallica Songs

Click here to take the quiz!

General Stats

  • This quiz has been taken 49 times
  • The average score is 7 of 10

Answer Stats

#StreamsAnswer% Correct
11.30BEnter Sandman
98%
3803MMaster of Puppets
90%
21.09BNothing Else Matters
83%
4539MOne
81%
5500MThe Unforgiven
74%
9299MFade To Black
64%
8328MSad But True
64%
6449MFor Whom The Bell Tolls
60%
10227MFuel
55%
7416MWhiskey In The Jar
33%

Score Distribution

Percentile by Number Answered

Percent of People with Each Score

Your Score History

You have not taken this quiz